Limbus Company Identity Trivia - The Pequod Captain Ishmael - Statistics

General Stats
  • This quiz has been taken 65 times
    60 since last reset
  • The average score is 10 of 15
Answer Stats
Hint Answer % Correct
What Canto 5 story dungeon boss is Pequod captain Ishmael based on? Captain Ahab
100%
Captain Ishmael’s skills inflict burn and what other negative status effect? Bleed
85%
(True / False) captain Ishmael’s sanity is not decreased when an ally kills an enemy with an assist attack, contrary to her sanity effect that lowers her SP when an ally kills an enemy. True
85%
In captain Ishmael’s mirror world, which LCB sinner serves as the first mate of her ship? Yi sang
85%
Captain Ishmael’s skill one (without any skill power altering effects) rolls a ceiling of: 12
83%
Captain Ishmael’s passive ability, captain’s orders, requires 3 resonance of this sin affinity: Pride
83%
Assist attack orders an ally to follow up on captain Ishmael’s attack with their: Skill 1
77%
Captain Ishmael debuted in which season? (Season name) Bon voyage
73%
Captain Ishmael’s skill 3 can give her / her allies poise when she kills or ___ an enemy Staggers
67%
Captain Ishmael’s skill 2 requires ____ to activate its special ability, assist attack. Resonance
54%
captain Ishmael’s skill 3 was the first skill in the game to receive a unique ___ animation. Clash win
52%
Captain Ishmael hunts the ___ whale in her mirror world. Crimson
46%
After killing an enemy with her passive active at uptie level 4, captain Ishmael gains poise and this status effect: Overheated gasharpoon
40%
Contrary to the character Captain Ishmael is based on, her harpoon prosthetic leg is ___ instead of buckled to her leg. Tied
37%
Captain Ishmael’s skill one applies protection to an ally when they gain which status effect? Aggro
31%
No matching quizzes found
Score Distribution
Percent of People with Each Score
Percentile by Number Answered
Your Score History
You have not taken this quiz since the last reset